Rodinné podnikanie v drevárskom a nábytkárskom priemysle na Slovensku
Salvato in:
| Autore principale: | |
|---|---|
| Altri autori: | , |
| Natura: | Libro |
| Lingua: | slovacco |
| Pubblicazione: |
Zvolen
Technická univerzita vo Zvolene
2023
|
| Edizione: | 1. vydanie |
| Soggetti: | |
| Tags: |
Nessun Tag, puoi essere il primo ad aggiungerne!!
|
MARC
| LEADER | 00000nam a2200000 4500 | ||
|---|---|---|---|
| 001 | 0315159 | ||
| 005 | 20260313120456.4 | ||
| 020 | |a 978-80-228-3378-3 | ||
| 041 | 0 | |a slo | |
| 044 | |a SK | ||
| 245 | 1 | 0 | |a Rodinné podnikanie v drevárskom a nábytkárskom priemysle na Slovensku |c Anna Kocianová, Mariana Sedliačiková, Nikolay Konstantinov Neykov |
| 250 | |a 1. vydanie | ||
| 264 | 1 | |a Zvolen |b Technická univerzita vo Zvolene |c 2023 | |
| 300 | |a 140 s. | ||
| 610 | 2 | 0 | |a podnikanie rodinné |
| 610 | 2 | 0 | |a podnik rodinný |
| 610 | 2 | 0 | |a priemysel drevársky |
| 610 | 2 | 0 | |a priemysel nábytkársky |
| 100 | 1 | |a Kocianová, Anna | |
| 700 | 1 | |a Sedliačiková, Mariana | |
| 700 | 1 | |a Neykov, Nikolay Konstantinov | |